Central Library OPAC University of Rajshahi

Hannah More / (Record no. 23544)

MARC details
000 -LEADER
fixed length control field 00860nam a2200241 a 4500
001 - CONTROL NUMBER
control field 23544
003 - CONTROL NUMBER IDENTIFIER
rucl marc code UkOxU
005 - DATE AND TIME OF LATEST TRANSACTION
control field 20211209000937.0
008 - FIXED-LENGTH DATA ELEMENTS--GENERAL INFORMATION
fixed length control field 140311r19681952n abc b 001 0beng
035 ## - SYSTEM CONTROL NUMBER
System control number (BD-RjUL)23609
-- ocm01556249
040 ## - CATALOGING SOURCE
Original cataloging agency DLC
Transcribing agency DZM
Modifying agency SER
-- BD-RjUL
Language of cataloging eng
041 ## - LANGUAGE CODE
Language code of text/sound track or separate title eng
082 ## - DEWEY DECIMAL CLASSIFICATION NUMBER
Classification number 928.286
Author mark and year JOH 1968
100 1# - MAIN ENTRY--PERSONAL NAME
Personal name Jones, M. G.
Fuller form of name (Mary Gwladys).
9 (RLIN) 72463
245 10 - TITLE STATEMENT
Title Hannah More /
Statement of responsibility, etc. by M.G. Jones
260 ## - PUBLICATION, DISTRIBUTION, ETC. (IMPRINT)
Place of publication, distribution, etc. New York :
Name of publisher, distributor, etc. Greenwood,
Date of publication, distribution, etc. [Reprinted 1968].
300 ## - PHYSICAL DESCRIPTION
Pagination xi, 284 p. :
Illustrations ill., ports., map ;
Size 23 cm
504 ## - BIBLIOGRAPHY, ETC. NOTE
Bibliography, etc Bibliographical references included in "Notes" (p. 237-271) "Cheap repository tracts ascribed to Hannah More": p. 272-273. "Hannah More's major writings as published in her lifetime": p. 274
600 10 - SUBJECT ADDED ENTRY--PERSONAL NAME
Personal name More, Hannah,
Dates associated with a name 1745-1833
942 ## - ADDED ENTRY ELEMENTS (KOHA)
Source of classification or shelving scheme Dewey Decimal Classification
Koha item type Books
Holdings
Lost status Source of classification or shelving scheme Damaged status Not for loan Collection code Permanent Location Current Location Shelving location Date acquired Source of acquisition Cost, normal purchase price Total Checkouts Full call number Date last seen Copy number Koha item type
  Dewey Decimal Classification   Added to bundle Non-fiction Central Library, University of Rajshahi Central Library, University of Rajshahi Reading Room 10/09/1971 Zetlinger 115.00   928.286 JOH 1968 11/03/2014 C-1 Books